000 01573ngm a2200349 4500
003 dpl
005 20090319111227.0
007 DVD
008 ||||||sp199 xxu|||||c ||| 00| 0 ng d
010 _aDVD-001845-1847
024 _aVENF 0096
_c49.00
035 _aDVD-001845-1847
040 _aDPL
_cDPL
082 _aDVD / WARR
245 _aWarriors of the Wasteland /
_cFabrizio De Angelis Presents
_h[videorecording] DVD/
260 _bMoserbaer Entertainment
300 _a1 videodisc VCD;
_bsd., col. ;
_c4 3/4 in.
_fVCD
440 _aMoserbaer Home Entertainment
500 _aMoserbaer India Ltd. has obtained the necessary licence/conssent from the owner of the copyright in the wroks for making this DVD Film.
538 _aDolby Digital 5.1 -English Subtitles: English
650 _aMotion Picture
700 _aBrent, Timothy
700 _aWiliamson, Fred
700 _aEastman, George
700 _aKanakis, Anna
700 _aMoore, Thomas
942 _cCF
_2ddc
_hDVD
_mWARR
999 _c25407
_d25407